00442nam a2200193Ia 4500008004100000020001800041050001400059100002300073245001300096245002600109250001900135260001500154260001600169260000900185300001600194300002000210300001000230500000800240170918s9999 xx 000 0 und d a9780545123280 bS855 2010 aStiefvater, Maggie aLinger / cby Maggie Stiefvater. aFirst edition. aNew York : bScholastic, c2010 a362 pages : billustrations ; c22cm. a800